000
00296nam a22001217a 4500
008
230620b xxu||||| |||| 00| 0 eng d
082
_a
320.96
_b
MUN
100
_c
Kareithi Munuhe
245
_a
JM Kariuki In Parliament
260
_b
Gazelle Books company
_c
1975
300
_a
131p
942
_2
ddc
_c
BK
999
_c
1704
_d
1704